El discurso oral formal. Contenidos de aprendizaje y secuencias didácticas
Guardat en:
| Autors principals: | , , , , , |
|---|---|
| Format: | Llibre |
| Idioma: | espanyol |
| Publicat: |
Barcelona, España
Grao
2005
|
| Edició: | 1a. ed |
| Col·lecció: | Biblioteca de Textos. Serie Didáctica de la Lengua y la Literatura,
|
| Matèries: | |
| Accés en línia: | Disponible Online |
| Etiquetes: |
Afegir etiqueta
Sense etiquetes, Sigues el primer a etiquetar aquest registre!
|
MARC
| LEADER | 00000cam a2200000 a 4500 | ||
|---|---|---|---|
| 001 | UCI1567 | ||
| 003 | CL-VaPUC | ||
| 005 | 20210430001634.0 | ||
| 008 | 070706e20050000SP |||||||||||||||||spa|d | ||
| 999 | |c 326350 |d 326348 | ||
| 020 | |a 8478274049 | ||
| 040 | |c Pontificia Universidad Católica de Valparaíso | ||
| 082 | 0 | 4 | |a 808.5 VIL 2005 |2 21 |
| 100 | 0 | |a Vila i Santasusana, M |e coordinadora |9 522136 | |
| 245 | 1 | 3 | |a El discurso oral formal. |b Contenidos de aprendizaje y secuencias didácticas |
| 250 | |a 1a. ed | ||
| 260 | |a Barcelona, España |b Grao |c 2005 | ||
| 300 | |a 186 páginas | ||
| 440 | |a Biblioteca de Textos. Serie Didáctica de la Lengua y la Literatura, |n 216 |9 860787 | ||
| 583 | |a last modification |c 20121019 11:27:58 |k Rodrigo Vera | ||
| 650 | 0 | |a Discursos |9 265028 | |
| 650 | 0 | |a Comunicación oral |9 307769 | |
| 650 | 0 | |a Transferencia de información |9 335933 | |
| 650 | 0 | |a Lingüística |9 417891 | |
| 650 | 0 | |a Comunicación de las ideas |2 CL-VaPUC |9 335523 | |
| 650 | 0 | |a Enseñanza del lenguaje |9 373325 | |
| 700 | 0 | |a Ballesteros, C |e author |9 522137 | |
| 700 | 0 | |a Castella, J. M |e author |9 522138 | |
| 700 | 0 | |a Cros, A |e author |9 522139 | |
| 700 | 0 | |a Grau, M |e author |9 522140 | |
| 700 | 0 | |a Palou, J |e author |9 522141 | |
| 856 | |u http://bibliografiadigital.pucv.cl.pucv.idm.oclc.org/index.php/bibliotecapucv/catalog/book/363 |y Disponible Online | ||
| 942 | |c BK |2 ddc | ||
| 945 | |d 20070706 00:00:00 |a rbrito | ||
| 952 | |0 0 |1 0 |4 0 |6 808_500000000000000_VIL_2005 |7 0 |8 A |9 408197 |a BIBEDU |b BIBEDU |d 2019-11-22 |i 4601564 |l 3 |o 808.5 VIL 2005 |p 4601564 |r 2024-05-29 |s 2024-05-15 |w 2019-11-22 |y BK |k LIT | ||
| 952 | |0 0 |1 0 |4 0 |6 808_500000000000000_VIL_2005 |7 0 |8 A |9 408198 |a BIBEDU |b BIBEDU |d 2019-11-22 |i 4916891 |l 3 |m 2 |o 808.5 VIL 2005 |p 4916891 |r 2024-05-08 |s 2024-05-08 |w 2019-11-22 |y BK |k EPE | ||